000 00957nam a2200253 a 4500
001 000005032
005 20260305073950.0
008 090729s2004 dr ad r 000 0 spa d
020 _a9993433969
040 _aDO-SdBNP
_bspa
_cBNPHU
082 _a341.23
_bH557y
100 1 _aHernández Sánchez, Homero Luis
_914494
245 1 0 _aYo, inspector de las Naciones Unidas. /
_cHomero Luis Hernández Sánchez ; prólogo Frank Moya Pons ; edición Carlos Segura.
260 _aSanto Domingo :
_bMediabyte.,
_c2004.
300 _a639 p. :
_bil., gráf. ;
_c27 cm.
500 _aIncluye datos biográficos del autor en la contracubierta
500 _aIncluye índice
590 _aInventariado, 2018/BT
650 4 _aNaciones unidas
_xEvaluación
_914495
650 4 _aNaciones unidas
_xAsistencia técnica
_914496
700 1 _aSegura, Carlos,
_eed.
_91427
700 1 _aMoya Pons, Frank,
_d1944-
_epról.
_92095
910 _aValidado. Control de calidad. MMOLINA
999 _c4837
_d4837